| 000 | 01052nas a2200325 4500 | ||
|---|---|---|---|
| 001 | BR2016004577 | ||
| 003 | BR-BrBNA | ||
| 005 | 20231205130729.0 | ||
| 007 | ta | ||
| 008 | 230509b bl.|||p| |||| 00| 00por d | ||
| 040 |
_aBR-BrBNA _bpor _cBiblioteca Nacional de Agricultura |
||
| 041 | _a(En) | ||
| 072 | _aL53; M12 | ||
| 100 | 1 | _aPiedras, S.R.N. | |
| 100 | 1 | _aCostenaro-Ferreira, C. | |
| 100 | 1 | _aTavares, R.A. | |
| 100 | 1 | _aFernandes, J.M. | |
| 100 | 1 | _aPouey, J.L.O.F. | |
| 245 | 1 | _aBody indexes of viola Loricariichthys anus in pre-reproductive period | |
| 650 | _aREPRODUCAO ANIMAL | ||
| 650 | _aPEIXE DE AGUA DOCE | ||
| 650 | _aDESOVA | ||
| 650 | _aANALISE COMPARATIVA | ||
| 650 | _aBIOLOGIA ANIMAL | ||
| 650 | _aFISIOLOGIA REPRODUTIVA | ||
| 773 | 0 |
_tCurrent Agricultural Science and Technology (Brazil) _xISSN 2317-2436 _g(2013), v. 19(1) p. 27-30 _wBR2016004577 |
|
| 856 | 4 | 0 | _uhttps://periodicos.ufpel.edu.br/ojs2/index.php/CAST/article/view/2855/2530 |
| 909 |
_a202311 _bLúcia _c55 _dLúcia Elande |
||
| 942 |
_2AGRIS _n0 _cANA |
||
| 999 |
_c250902 _d250902 |
||